Premier League Teams 24/25 - Statistics

General Stats
  • This quiz has been taken 138 times
  • The average score is 17 of 20
Answer Stats
Answer % Correct
Arsenal
100%
Liverpool
96%
Man City
96%
Man United
96%
Chelsea
95%
Aston Villa
91%
Tottenham
89%
Brighton
88%
Newcastle
87%
West Ham
86%
Bournemouth
84%
Leicester
84%
Southampton
84%
Wolves
84%
Everton
83%
Ipswich
83%
Brentford
82%
Fulham
82%
Nottingham Forest
80%
Crystal Palace
79%
No matching quizzes found
Score Distribution
Percent of People with Each Score
Percentile by Number Answered
Your Score History
You have not taken this quiz